| 000 | 01497nam a22002657a 4500 | ||
|---|---|---|---|
| 003 | OSt | ||
| 005 | 20180116192412.0 | ||
| 008 | 121212t2012 xxu||||| |||| 00| 0 eng d | ||
| 020 | _a9782940411535 | ||
| 020 | _a2940411530 | ||
| 040 | _c0 | ||
| 082 | _a729 | ||
| 100 | 1 |
_a Gagg, Russell. _96101 |
|
| 245 | 1 | 0 |
_aBasics interior architecture 05 : _btexture + materials / _cRussell Gagg. |
| 260 |
_aLondon : _bAVA Publishing, _c2012. |
||
| 300 |
_a175 p. : _bill; _c23 cm. |
||
| 490 | 1 | _a Basics the ava series. | |
| 520 | _a Basics Interior Architecture 05: Texture + Materials forms an inspiring introduction to many of the materials currently used in the design of interior spaces. The book explores the choice and use of materials and evaluates the effects of these choices on a space, discussing topics such as light, termperature, acoustics and general atmosphere. Each chapter assesses a single material, with its inherent flaws and individual qualities, and places it in its historical, geographical and cultural context. Readers are encouraged to consider the sustainability of each material and its future use, and text is accompanied by both historical and contemporary case studies. 830 0 Basics the ava series. | ||
| 650 |
_aBuilding materials _96102 |
||
| 650 |
_aInterior architecture _96103 |
||
| 650 |
_aTexture in architecture _96104 |
||
| 650 |
_aTexture in interior decoration _96105 |
||
| 942 |
_2ddc _cBK |
||
| 999 |
_c353589 _d353589 |
||